000
00234 a2200085 4500
020
_a
9781856696203
100
_a
Liz Farrelly and Olivia Triggs
245
_a
For Love and Money: New Illustration
260
_b
Laurence King Publishing
_c
2010
999
_c
13403
_d
13403